Países con población rural menor al 10% (2022) - Estadísticas

Estadísticas generales
  • Esta prueba ha sido intentada 39 veces
  • La puntuación promedio es 9 de 17
Estadísticas de respuestas
Hint Respuesta % Correcto
0% Mónaco
89%
2% San Marino
84%
0% Singapur
82%
8% Luxemburgo
76%
8% Japón
68%
5% Malta
66%
1% Catar
61%
6% Islandia
58%
2% Bélgica
55%
7% Países Bajos
55%
7% Israel
45%
4% Uruguay
45%
0% Kuwait
42%
8% Argentina
37%
0% Nauru
37%
8% Jordania
21%
9% Gabón
3%
No se encontraron pruebas coincidentes
Distribución de puntuación
Porcentaje de gente con cada puntuación
Porcentaje por número respondido
Historial de tus puntuaciones
No has intentado esta prueba.